000
00214 a2200097 4500
001
906
100
_a
Dorbilin,E.O
245
_a
Dynamic analysis & feedback control
260
_a
_b
Mcgrawhill
_c
090
_c
496
_d
496
942
_a
NUST-CAE
_c
M
_c
31333
999
_c
235979
_d
235979